000 00647nam a2200265Ia 4500
005 20260121170925.0
008 008 260114s9999 xx 000 0 eng d
020 _a9783319987705
037 _aEBOOK
040 _aCRL
040 _beng
040 _cCRL
041 _2eng
041 _aeng
084 _qCRL
100 _aGabriele Halwachs-Baumann
_91069842
245 0 _aCongenital Cytomegalovirus Infection
260 _bSpringer
260 _bSpringer
260 _c2018
856 _uhttps://link.springer.com/openurl?genre=book&isbn=978-3-319-98770-5
942 _cEBOOK
999 _c1635572
_d1635572